Cartoon Characters - Statistics

General Stats
  • This quiz has been taken 2,214 times
  • The average score is 26 of 50
Answer Stats
Hint Answer % Correct
Disney's most famous character Mickey Mouse
92%
Scooby Doo's best friend Shaggy
89%
"Meh.... What's up doc?" Bugs Bunny
83%
"I tawt I taw a putty cat" Tweety Bird
83%
The forgetful, blue-colored fish in "Finding Nemo" Dory
82%
Disney character who lost her glass slipper at the ball Cinderella
80%
She falls in love with the Beast Belle
78%
"Meep! meep!" Road Runner
77%
Massive muscular superhero who is angry and green The Incredible Hulk
76%
"Th-th-th-tha-that's all folks!" Porky Pig
74%
"Dee Dee! Get out of my Laboratory!" Dexter
72%
Married to Lois Griffin Peter Griffin
71%
Batman villain voiced by Mark Hamill in the Batman animated series (1990s) The Joker
70%
Stone-age man who has a wife named Wilma Fred Flintstone
68%
The father of Simba in "The Lion King" Mufasa
68%
"Mmmm... Donut." Homer Simpson
64%
The turtle with the blue mask on Teenage Mutant Ninja Turtles Leonardo
64%
Norse God who is also a Superhero Thor
62%
"Eat My Shorts!" Bart Simpson
61%
The octopus-like sea witch in The Little Mermaid Ursula
59%
Uses the Lasso of Truth and flies the invisible plane Wonder Woman
59%
A love-stricken French skunk Pepé Le Pew
58%
Robot on "Futurama" Bender
55%
The leader of the Seven Dwarfs Doc
54%
"Be vewy vewy quiet. I'm hunting for bunny wabbits." Elmer Fudd
53%
A cowardly dog who lives in the "Middle of Nowhere" with his owners Muriel and Eustace Courage
52%
"By the power of Gray Skull!" He-Man
52%
The PowerPuff Girls' arch enemy Mojo jojo
52%
Optimus Prime's arch rival Megatron
51%
"Giggity-Giggity-Goo!" Quagmire
51%
The male fairy in the "Fairly Odd Parents" Cosmo
49%
Main character of "DragonBall Z" Goku
49%
Elvis-like ladies man who lives with his mother and hangs out with a young girl Johnny Bravo
45%
A wheel-chair bound mutant who teaches other mutants to control their powers Professor Charles Xavier
44%
The evil witch in Sleeping Beauty Maleficent
43%
A boy robot who flies around saving the world (anime classic) Astroboy
39%
Tommy Pickles's best friend on "The Rugrats" Chucky
38%
"Earth! Fire! Wind! Water! Heart!" Make this superhero Captain Planet
35%
Leader of the Super Friends Superman
32%
Title character of a popular anime about a shunned boy trying to gain respect and become a powerful ninja Naruto
30%
The house-keeper robot on "The Jetsons" Rosie
28%
French elephant whose name is also the title of the series Babar
20%
Main character in the anime "Bleach" Ichigo Kurosaki
20%
ThunderCats leader Lion-O
20%
Becomes his alter-ego Quailman and has a dog named Porkchop Doug Funny
18%
A kagaroo who hangs out with a cow and a turtle, and has a dog named Spunky Rocko
18%
"Victory shall be mine!" Stewie Griffin
18%
Anime character who is known as "The Fullmetal Alchemist" Edward Elric
13%
Main character in the anime "Trigun" Vash the Stampede
9%
"The Demon of the Desert" (anime) The Desert Punk
2%
No matching quizzes found
Score Distribution
Percent of People with Each Score
Percentile by Number Answered
Your Score History
You have not taken this quiz